000 00279nam a22001217a 4500
008 171003b xxu||||| |||| 00| 0 eng d
041 _aeng
080 _a48
100 _a48
101 _aPSI
245 _aLANGUAGE AND LEARNING DIABILITIES
_cTHOMAS.CH.C
942 _2udc
_cBK
999 _c31365
_d31365